| 000 | 00000nam##2200000za#4500 |
| 001 | 9.575265 |
| 003 | CaOODSP |
| 005 | 20220901140009 |
| 007 | cr ||||||||||| |
| 008 | 150406|1998||||xxc|||||o f|0| 0 eng|d |
| 040 | |aCaOODSP|beng |
| 043 | |an-cn--- |
| 086 | 1 |aJ3-7/1998-9E-PDF |
| 110 | 1 |aCanada.|bJustice Canada. |
| 245 | 10|aJames Bay Cree gun survey / |h[electronic resource]|c[by] Cree Trappers' Association. |
| 260 | |aOttawa - Ontario : |bJustice Canada |c1998. |
| 300 | |a53p.|btables |
| 490 | 1 |aTechnical report|vTR1998-9e |
| 500 | |aUnedited. "Canadian Firearms Centre" |
| 590 | |a12-40-Supp|b2012-10-23 |
| 775 | 08|tEnquête sur les armes à feu chez les Cris de la Baie James / |w(CaOODSP)9.604802 |
| 830 | #0|aTechnical report ;|vTR1998-9e|w(CaOODSP)9.505667 |
| 856 | 40|ahttp://publications.gc.ca|qPDF|s150 KB|uhttps://publications.gc.ca/collections/collection_2012/jus/J3-7-1998-9-eng.pdf|yTR1998-9e |